Εισαγωγή στην Επικοινωνία Ανθρώπου- Υπολογιστή (Record no. 9611)
[ view plain ]
| 000 -LEADER | |
|---|---|
| fixed length control field | 01486cam a22001934a 4500 |
| 005 - ΗΜΕΡΟΜΗΝΙΑ ΚΑΙ ΩΡΑ ΤΕΛΕΥΤΑΙΑΣ ΕΝΗΜΕΡΩΣΗΣ | |
| Πεδίο ελέγχου | 20250605164404.0 |
| 008 - FIXED-LENGTH DATA ELEMENTS--GENERAL INFORMATION | |
| Πεδίο ελέγχου σταθερού μήκους | 250528s ||||||||||||||||||||||||d |
| 035 ## - SYSTEM CONTROL NUMBER | |
| System control number | 24757 |
| 020 ## - ISBN | |
| ISBN | 9789605310981 |
| 040 ## - ΠΗΓΗ ΚΑΤΑΛΟΓΟΓΡΑΦΗΣΗΣ | |
| Φορέας πρωτότυπης καταλογογράφησης | MC Athens Campus Library |
| Γλώσσα καταλογογράφησης | Ελληνικά, Μοντέρνα (1453-) |
| Modifying agency | MC Athens Campus Library |
| Κανόνες περιγραφικής καταλογογράφησης | AACR2 |
| 245 1# - ΤΙΤΛΟΣ ΚΑΙ ΔΗΛΩΣΗ ΥΠΕΥΘΥΝΟΤΗΤΑΣ | |
| Τίτλος | Εισαγωγή στην Επικοινωνία Ανθρώπου- Υπολογιστή |
| 260 ## - PUBLICATION, DISTRIBUTION, ETC. | |
| Name of publisher, distributor, etc. | Δίαυλος, |
| Date of publication, distribution, etc. | 2000 |
| 300 ## - PHYSICAL DESCRIPTION | |
| Extent | 274 |
| 520 ## - SUMMARY, ETC. | |
| Summary, etc. | Στο Συγκεκριμένο Βιβλίο μελετά την Αλληλεπίδραση Ανθρώπων - Υπολογιστών (Human - Computer Interaction), προτείνει Τεχνικές για το Σχεδιασμό, την Ανάπτυξη και την Αξιολόγηση Εύχρηστων Υπολογιστικών Συστημάτων. Ακόμη, απευθύνεται σε Σπουδαστές και Επιστήμονες Υπολογιστών και Πληροφορικής, σε όσους ενδιαφέρονται να μελετήσουν την Αλληλεπίδραση Ανθρώπου-Υπολογιστή και για όσους εμπλέκονται στο Σχεδιασμό, την Ανάπτυξη, τη Σύνταξη Προδιαγραφών και την Αξιολόγηση Υπολογιστικών Συστημάτων που Αλληλεπιδρούν με τους Χρήστες τους. |
| 700 1# - ΠΡΟΣΘΕΤΗ ΑΝΑΓΡΑΦΗ--ΦΥΣΙΚΟ ΠΡΟΣΩΠΟ | |
| Personal name | Νικόλαος Αβούρης |
| 9 (RLIN) | 9532 |
| 942 ## - ADDED ENTRY ELEMENTS (KOHA) | |
| Koha item type | Books |
| Τύπος τεκμηρίου | Βιβλιοθήκη | Τρέχουσα τοποθεσία | Barcode | Αριθμός εισαγωγής | Ημερομηνία απόκτησης | Ταξιθετικό σύμβολο | Κατάσταση απόσυρσης | Κατάσταση χαμένου | Κατάσταση κατεστραμμένου | Μη δανεισμός | Σύνολο δανεισμών | Ημερομηνία τελευταίας εμφάνισης | Η τιμή ισχύει από |
|---|---|---|---|---|---|---|---|---|---|---|---|---|---|
| Books | MC Thessaloniki Campus Library | MC Thessaloniki Campus Library | 9780000096104 | 1221 | 05/06/2025 | 004.019 ΑΒΟ | 05/06/2025 | 05/06/2025 |